| 000 | 00545cam a22001811 4500 | ||
|---|---|---|---|
| 082 |
_a940.548 _bKIN _cD |
||
| 100 | 2 |
_aKing-Hall, Stephen, _948826 |
|
| 245 | 1 | 0 |
_aTotal victory, _cby Stephen King-Hall. |
| 260 |
_aNew York, _bHarcourt, Brace and Company _c[1942] |
||
| 300 |
_axii, 306 p. _c21 cm. |
||
| 500 | _a"First American edition." | ||
| 526 |
_a0 _b0 _c0 _d940_548000000000000_KIN |
||
| 650 | 0 |
_aMCE _9379 |
|
| 650 | 0 | _aStrategy | |
| 650 | 0 |
_aWorld War, 1939-1945 _928174 |
|
| 650 | 0 |
_aWorld War, 1939-1945 _xPeace _950053 |
|
| 942 |
_2ddc _cBK |
||
| 999 |
_c552797 _d552797 |
||